|
|
|
|
| LEADER |
00000cam a2200000 7i4500 |
| 001 |
0000002202 |
| 002 |
000002402 |
| 005 |
20021009.0 |
| 020 |
|
|
|a 000002402
|
| 090 |
0 |
0 |
|a 297.63
|b MIM
|
| 245 |
0 |
0 |
|a Mimpi berjumpa Rasulullah [
|h video recording] :
|b sejauh mana benarnya
|c Prof.Dato Dr Haron Din
|
| 260 |
|
|
|a Kuala Lumpur :
|b KD Production ,
|c 19-
|
| 300 |
|
|
|a 1 Video recording VHS (60 minutes) :
|b col(PAL)
|
| 500 |
|
|
|a Library has 1 copy
|
| 650 |
0 |
0 |
|a Prophet Muhammad S.A.W
|x Dreams (Interprefation through Islamic)
|
| 999 |
|
|
|a 00090
|b VIDEO
|c KOLEKSI AUDIO VIDEO
|e PERPUSTAKAAN KOMUNITI PETALING JAYA
|